Effective communication : (Record no. 7459)
[ view plain ]
| 000 -LEADER | |
|---|---|
| fixed length control field | 00605nam a22002052 4500 |
| 001 - CONTROL NUMBER | |
| control field | 0000007221 |
| 005 - DATE AND TIME OF LATEST TRANSACTION | |
| control field | 20151217152027.0 |
| 008 - FIXED-LENGTH DATA ELEMENTS--GENERAL INFORMATION | |
| fixed length control field | 071203s xx 000 0 eng d |
| 020 ## - INTERNATIONAL STANDARD BOOK NUMBER | |
| International Standard Book Number | 9966981306 : |
| Terms of availability | KES |
| 040 ## - CATALOGING SOURCE | |
| Original cataloging agency | KABU |
| Transcribing agency | KABU |
| 100 1# - MAIN ENTRY--PERSONAL NAME | |
| Personal name | Yide, S. O. |
| -- | 0000158375 |
| 245 10 - TITLE STATEMENT | |
| Title | Effective communication : |
| Remainder of title | a guide to writing / |
| Statement of responsibility, etc. | S. O. Yide. |
| 260 ## - PUBLICATION, DISTRIBUTION, ETC. (IMPRINT) | |
| Place of publication, distribution, etc. | Nairobi : |
| Name of publisher, distributor, etc. | Njigua Books, |
| Date of publication, distribution, etc. | 2003. |
| 300 ## - PHYSICAL DESCRIPTION | |
| Extent | vii, 68 p. |
| 650 #0 - SUBJECT ADDED ENTRY--TOPICAL TERM | |
| Topical term or geographic name as entry element | Communication. |
| -- | 0000151592 |
| 650 #0 - SUBJECT ADDED ENTRY--TOPICAL TERM | |
| Topical term or geographic name as entry element | English language |
| General subdivision | Grammar. |
| -- | 0000151342 |
| 908 ## - PUT COMMAND PARAMETER (RLIN) | |
| Put command parameter | 071203 |
| 950 ## - LOCAL HOLDINGS (RLIN) | |
| -- | 1 |
| Withdrawn status | Lost status | Source of classification or shelving scheme | Not for loan | Home library | Current library | Date acquired | Total Checkouts | Full call number | Barcode | Date last seen | Date last checked out | Price effective from | Koha item type |
|---|---|---|---|---|---|---|---|---|---|---|---|---|---|
| Library of Congress Classification | Kabarak, Main Campus | Kabarak, Main Campus | 17/12/2015 | 1 | P90 .Y53 | 011425 | 15/03/2023 | 03/03/2023 | 17/12/2015 | General Collection |